000 00376nam a2200133Ia 4500
008 220217s9999||||xx |||||||||||||| ||und||
020 _a81-8404-166-7
082 _a005.74 BUR
100 _aBurnett, Mark and Kleiman, Dave
_95668
245 0 _aPerfect passwords
260 _aShroff publishers and dis. Pvt.
_bMumbai
_c2006
300 _b225
650 _aDATA STRUCTURES
999 _c176739
_d176739